000 00608cam a22001935a 4500
001 J106227
008 071127s1984 xxka f 000 0deng u
035 _a(Sirsi) u106227
041 _aeng
050 0 4 _a920 $2 18
110 _aIncorporated Society of Valuers and Auctioneers
_91201
245 0 0 _aISVA Diamond Jubilee 1984
_bcommemorative brochure
260 _aLondon
_bISVA
_c[1984]
300 _a48 p. ;
_bill. ,
_c21 cm.
520 _aA history of the ISVA.
651 4 _aUnited Kingdom
_y
690 _aABOUT RICS-RELATED ORGANISATIONS-INCORPORATED SOCIETY OF VALUERS AND AUCTIONEERS
942 _n0
999 _c100541
_d100541